[Event "Maraba op 4th"]
[Site "Maraba"]
[Date "2019.04.28"]
[Round "6"]
[White "Chaves, Allysson Pereira"]
[Black "Saraiva Silva, Luiz Guilherme"]
[Result "1-0"]
[WhiteElo "2071"]
[BlackElo "1971"]
[PlyCount "55"]
[EventDate "2019.04.26"]
[EventType "swiss"]
[EventRounds "6"]
[EventCountry "BRA"]
[SourceTitle "EXT 2020"]
[Source "ChessBase"]
[SourceDate "2019.10.17"]
[SourceVersion "1"]
[SourceVersionDate "2019.10.17"]
[SourceQuality "1"]

1. e4 g6 2. Nc3 Bg7 3. g3 d6 4. Bg2 Nf6 5. d3 0-0 6. Nge2 e5 7. 0-0 Nbd7 8. h3 c6 9. Be3 Qc7 10. Qd2 Re8 11. f4 exf4 12. gxf4 b5 13. Ng3 Bb7 14. Rf2 a6 15. Raf1 c5 16. f5 b4 17. Nce2 d5 18. fxg6 fxg6 19. Bg5 a5 20. Bxf6 Nxf6 21. Rxf6 Bxf6 22. Rxf6 Qe5 23. Qf4 Qxf4 24. Nxf4 d4 25. Rb6 Bc8 26. Nd5 Rf8 27. Rc6 Ra7 28. e5 1-0

[Event "Maraba op 4th"]
[Site "Maraba"]
[Date "2019.04.28"]
[Round "5"]
[White "Saraiva Silva, Luiz Guilherme"]
[Black "Chang, Suzana"]
[Result "1-0"]
[WhiteElo "1971"]
[BlackElo "2008"]
[PlyCount "57"]
[EventDate "2019.04.26"]
[EventType "swiss"]
[EventRounds "6"]
[EventCountry "BRA"]
[SourceTitle "EXT 2020"]
[Source "ChessBase"]
[SourceDate "2019.10.17"]
[SourceVersion "1"]
[SourceVersionDate "2019.10.17"]
[SourceQuality "1"]

1. e4 c5 2. Nf3 e6 3. d3 Nc6 4. Nbd2 g6 5. g3 Bg7 6. Bg2 Nge7 7. 0-0 d6 8. Re1 0-0 9. a4 Rb8 10. Nc4 e5 11. h4 h6 12. c3 f5 13. exf5 Nxf5 14. a5 Be6 15. a6 b5 16. Ncd2 Qe7 17. Nf1 b4 18. Bd2 bxc3 19. bxc3 Bb3 20. Qc1 Bd5 21. c4 Be6 22. Bc3 Rb3 23. Ra3 Rfb8 24. N1d2 R3b6 25. Ne4 Nb4 26. Qd2 Nc6 27. Kh2 Rf8 28. Qc2 Rfb8 29. Re2 1-0

[Event "Parauapebas-ch"]
[Site "Parauapebas"]
[Date "2017.10.08"]
[Round "13"]
[White "Chaves, Allysson Pereira"]
[Black "Saraiva Silva, Luiz Guilherme"]
[Result "1-0"]
[WhiteElo "1995"]
[BlackElo "1965"]
[PlyCount "83"]
[EventDate "2017.09.10"]
[EventType "tourn"]
[EventRounds "18"]
[EventCountry "BRA"]
[SourceTitle "EXT 2019"]
[Source "ChessBase"]
[SourceDate "2018.10.10"]
[SourceVersion "1"]
[SourceVersionDate "2018.10.10"]
[SourceQuality "1"]

1. d4 Nf6 2. c4 g6 3. Nc3 Bg7 4. e4 d6 5. Nf3 0-0 6. Be2 e5 7. dxe5 dxe5 8. Qxd8 Rxd8 9. Bg5 Re8 10. 0-0-0 Na6 11. h3 h6 12. Be3 c6 13. c5 Nc7 14. Nd2 Be6 15. Nc4 Nd7 16. Nd6 Reb8 17. Bg4 Nf8 18. Rd2 h5 19. Be2 Bf6 20. g4 h4 21. g5 Be7 22. f3 Nh7 23. Rg1 b6 24. cxb6 axb6 25. Nc4 Bxc4 26. Bxc4 Nf8 27. f4 b5 28. Bb3 Nce6 29. f5 Nd4 30. Bxd4 exd4 31. Ne2 Bb4 32. Rdd1 c5 33. Bd5 Ra7 34. a3 Ba5 35. Nf4 Bc7 36. Nxg6 Nxg6 37. fxg6 b4 38. axb4 Rxb4 39. gxf7+ Kg7 40. Rdf1 Rb8 41. Kb1 Ba5 42. g6 1-0

[Event "Parauapebas-ch"]
[Site "Parauapebas"]
[Date "2017.09.10"]
[Round "2"]
[White "Saraiva Silva, Luiz Guilherme"]
[Black "Laranjeira, Marcio Muniz"]
[Result "1-0"]
[WhiteElo "1965"]
[BlackElo "1949"]
[PlyCount "81"]
[EventDate "2017.09.10"]
[EventType "tourn"]
[EventRounds "18"]
[EventCountry "BRA"]
[SourceTitle "EXT 2019"]
[Source "ChessBase"]
[SourceDate "2018.10.10"]
[SourceVersion "1"]
[SourceVersionDate "2018.10.10"]
[SourceQuality "1"]

1. e4 e6 2. d3 c5 3. Nd2 Nc6 4. g3 Nge7 5. Bg2 Ng6 6. f4 d6 7. Ngf3 Be7 8. 0-0 Bf6 9. a4 0-0 10. c3 Qc7 11. Rf2 Rb8 12. Nf1 b5 13. g4 Nh4 14. g5 Nxf3+ 15. Rxf3 Bd8 16. Rh3 g6 17. Ne3 f6 18. Ng4 fxg5 19. fxg5 Qg7 20. axb5 Rxb5 21. Ra4 a5 22. d4 cxd4 23. cxd4 e5 24. dxe5 Bxg4 25. Qxg4 Nxe5 26. Qe6+ Kh8 27. b3 Qa7+ 28. Be3 Bb6 29. Bxb6 Qxb6+ 30. Kh1 Rc5 31. Ra1 Qc6 32. Re3 Rc1+ 33. Re1 Rxa1 34. Rxa1 Qc3 35. Rd1 Qc5 36. Qxd6 Qxd6 37. Rxd6 Rb8 38. Bh3 Rxb3 39. Be6 Rb2 40. Rd8+ Kg7 41. Rg8# 1-0

[Event "Parauapebas CXCP op 1st"]
[Site "Parauapebas"]
[Date "2017.03.03"]
[Round "2.4"]
[White "Saraiva Silva, Luiz Guilherme"]
[Black "Silva, Janio Santos"]
[Result "1-0"]
[WhiteElo "1948"]
[BlackElo "1931"]
[PlyCount "62"]
[EventDate "2017.03.03"]
[EventType "swiss"]
[EventRounds "6"]
[EventCountry "BRA"]
[SourceTitle "EXT 2022"]
[Source "ChessBase"]
[SourceDate "2021.10.06"]
[SourceVersion "1"]
[SourceVersionDate "2021.10.06"]
[SourceQuality "1"]

1. e4 e5 2. Nc3 Nf6 3. g3 d5 4. exd5 Nxd5 5. Nxd5 Qxd5 6. d4 Qxh1 7. Bb5+ Bd7 8. Qe2 Qxg1+ 9. Qf1 Qxf1+ 10. Kxf1 Bxb5+ 11. Kg2 exd4 12. c3 d3 13. b3 Bc6+ 14. f3 Nd7 15. a4 Bc5 16. b4 Bd6 17. Ra2 0-0 18. c4 Bxb4 19. Rb2 a5 20. Rf2 Ne5 21. Bf4 Nxc4 22. Bxc7 Rfe8 23. Rf1 Bxa4 24. Rb1 d2 25. h4 Re1 26. Rb2 Nxb2 27. g4 d1Q 28. Kg3 Bd6+ 29. f4 Re3+ 30. Kg2 Qd2+ 31. Kg1 Re1# 1-0

[Event "Paraense-ch"]
[Site "Parauapebas"]
[Date "2016.10.28"]
[Round "1.1"]
[White "Moraes, Nelson da Silva"]
[Black "Saraiva Silva, Luiz Guilherme"]
[Result "1-0"]
[WhiteElo "2238"]
[BlackElo "1943"]
[PlyCount "69"]
[EventDate "2016.10.28"]
[EventType "swiss"]
[EventRounds "6"]
[EventCountry "BRA"]
[SourceTitle "EXT 2022"]
[Source "ChessBase"]
[SourceDate "2021.10.06"]
[SourceVersion "1"]
[SourceVersionDate "2021.10.06"]
[SourceQuality "1"]

1. e4 d6 2. d4 g6 3. Nc3 Bg7 4. f4 Nf6 5. e5 dxe5 6. fxe5 Nd5 7. Nf3 0-0 8. Bc4 Nxc3 9. bxc3 c5 10. 0-0 Nc6 11. Be3 Bf5 12. Nh4 Be4 13. Qg4 Bd5 14. Bd3 cxd4 15. cxd4 Nb4 16. Be4 Rc8 17. Rf2 Qc7 18. Bd2 Be6 19. Qd1 Nd5 20. Rb1 b6 21. Rb3 Qc4 22. Nf3 Qa4 23. Bd3 Nc7 24. Rb4 Qa3 25. Ng5 Nd5 26. Rb3 Nc3 27. Rxa3 Nxd1 28. Rf1 Nb2 29. Nxe6 fxe6 30. Rxf8+ Kxf8 31. Rxa7 Nxd3 32. cxd3 Rc2 33. Bg5 h6 34. Bxe7+ Ke8 35. Bd6 1-0

[Event "Maraba op 3rd"]
[Site "Maraba"]
[Date "2016.04.24"]
[Round "7"]
[White "Saraiva Silva, Luiz Guilherme"]
[Black "Silva, Valdecir Batista"]
[Result "1-0"]
[WhiteElo "1987"]
[BlackElo "1787"]
[PlyCount "63"]
[EventDate "2016.04.21"]
[EventType "swiss"]
[EventRounds "7"]
[EventCountry "BRA"]
[SourceTitle "CBM 172 Extra"]
[Source "ChessBase"]
[SourceDate "2016.06.21"]
[SourceVersion "1"]
[SourceVersionDate "2016.06.21"]
[SourceQuality "1"]

1. d4 Nf6 2. Nf3 g6 3. Bf4 d6 4. h3 Bg7 5. e3 0-0 6. Be2 Nc6 7. 0-0 h6 8. c4 g5 9. Bg3 Ne4 10. Bh2 e5 11. d5 Ne7 12. Qc2 f5 13. Nbd2 Nf6 14. Rfe1 Ng6 15. c5 Qe8 16. Nc4 dxc5 17. Ncxe5 Nxe5 18. Nxe5 Nxd5 19. Qxc5 c6 20. Bc4 Be6 21. e4 fxe4 22. Rxe4 Bxe5 23. Bxe5 Qg6 24. Rae1 Bf7 25. Bd4 a5 26. Bxd5 Bxd5 27. Re7 Rf7 28. Rxf7 Bxf7 29. Re7 b5 30. Qe5 Kh7 31. Ra7 Re8 32. Qxe8 1-0

[Event "Maraba op 3rd"]
[Site "Maraba"]
[Date "2016.04.23"]
[Round "6"]
[White "Cardoso Da Silva, Roberto"]
[Black "Saraiva Silva, Luiz Guilherme"]
[Result "1-0"]
[WhiteElo "1819"]
[BlackElo "1987"]
[PlyCount "121"]
[EventDate "2016.04.21"]
[EventType "swiss"]
[EventRounds "7"]
[EventCountry "BRA"]
[SourceTitle "CBM 172 Extra"]
[Source "ChessBase"]
[SourceDate "2016.06.21"]
[SourceVersion "1"]
[SourceVersionDate "2016.06.21"]
[SourceQuality "1"]

1. d4 Nf6 2. c3 g6 3. e3 Bg7 4. Bd3 0-0 5. Nf3 d6 6. h3 Nbd7 7. e4 e5 8. Nbd2 Nh5 9. Nb3 Qe8 10. g4 Nf4 11. Bxf4 exf4 12. Qd2 a5 13. Qxf4 Nb6 14. 0-0 a4 15. Nbd2 a3 16. b3 f5 17. gxf5 gxf5 18. exf5 Ra5 19. Rae1 Qh5 20. Qg4 Qh6 21. Qg5 Bxf5 22. Qxh6 Bxh6 23. Bxf5 Raxf5 24. Kg2 Nd5 25. c4 Nf4+ 26. Kh2 Kh8 27. Re7 R5f7 28. Rfe1 Nd3 29. Rxf7 Rxf7 30. Re2 Nc1 31. Re8+ Kg7 32. Kg2 Nd3 33. Ne4 Nb4 34. Ra8 Bc1 35. Nc3 c6 36. Nb1 Na6 37. Rd8 Nb4 38. Kg3 Bf4+ 39. Kg2 Bc1 40. h4 Rf8 41. Rxd6 Nxa2 42. d5 cxd5 43. Rxd5 Nb4 44. Ra5 a2 45. Nc3 a1Q 46. Rxa1 Bb2 47. Ra7 Bxc3 48. Rxb7+ Kg6 49. Ng5 h6 50. Ne4 Be1 51. Kf1 Bxf2 52. Nxf2 Nd3 53. Kg2 Rxf2+ 54. Kg3 Rb2 55. Rb5 Nc1 56. h5+ Kf6 57. b4 Ne2+ 58. Kg4 Nd4 59. Rb6+ Ke7 60. c5 Kd7 61. Rd6+ 1-0

[Event "Parauapebas op 1st"]
[Site "Parauapebas"]
[Date "2016.03.05"]
[Round "4"]
[White "Saraiva Silva, Luiz Guilherme"]
[Black "Lima Jr, Newton Celio Goncal"]
[Result "1-0"]
[WhiteElo "1975"]
[BlackElo "1848"]
[PlyCount "78"]
[EventDate "2016.03.04"]
[EventType "swiss"]
[EventRounds "6"]
[EventCountry "BRA"]
[SourceTitle "EXT 2019"]
[Source "ChessBase"]
[SourceDate "2018.10.10"]
[SourceVersion "1"]
[SourceVersionDate "2018.10.10"]
[SourceQuality "1"]

1. d4 d5 2. Bf4 Nf6 3. Nf3 c5 4. e3 Nc6 5. c3 e6 6. Nbd2 Be7 7. Bd3 a6 8. 0-0 0-0 9. Ne5 Nxe5 10. dxe5 Nd7 11. Nf3 f5 12. exf6 Bxf6 13. Bg3 Qb6 14. Rb1 Qc6 15. Re1 Rd8 16. Qe2 Nf8 17. e4 Bd7 18. Be5 Re8 19. Bxf6 gxf6 20. e5 f5 21. Nd2 Re7 22. Nf1 Rg7 23. Ng3 Be8 24. Qe3 h5 25. h4 Rg4 26. Bxf5 exf5 27. Nxf5 Qe6 28. Nh6+ Kg7 29. Nxg4 hxg4 30. Qxc5 Rc8 31. Qb4 Bc6 32. Rbd1 Ng6 33. h5 Nf8 34. Rd4 Kh8 35. Rf4 a5 36. Rxf8+ Rxf8 37. Qxf8+ Kh7 38. h6 Qg6 39. e6 Qxh6 1-0

[Event "Parauapebas Paraense-ch"]
[Site "Parauapebas"]
[Date "2015.11.22"]
[Round "5"]
[White "Da Silva, Jose Zenildo Eugeni"]
[Black "Saraiva Silva, Luiz Guilherme"]
[Result "0-1"]
[WhiteElo "2116"]
[BlackElo "1797"]
[PlyCount "68"]
[EventDate "2015.11.20"]
[EventType "swiss"]
[EventRounds "6"]
[EventCountry "BRA"]
[SourceTitle "CBM 169 Extra"]
[Source "ChessBase"]
[SourceDate "2015.12.18"]
[SourceVersion "1"]
[SourceVersionDate "2015.12.18"]
[SourceQuality "1"]

1. Nf3 Nf6 2. c4 g6 3. d4 Bg7 4. e3 0-0 5. Bd3 d6 6. 0-0 Nbd7 7. Nbd2 e5 8. d5 Nc5 9. Bc2 a5 10. e4 Ne8 11. Re1 f5 12. exf5 gxf5 13. Nb3 Nxb3 14. Bxb3 b6 15. Bg5 Nf6 16. Qc1 Qe8 17. Bh6 f4 18. Bxg7 Kxg7 19. Bc2 Qh5 20. Nd2 Rg8 21. f3 Kh8 22. Rf1 Bh3 23. Rf2 Rg3 24. hxg3 fxg3 25. gxh3 gxf2+ 26. Kxf2 Qh4+ 27. Ke2 Rg8 28. Qe1 Rg2+ 29. Kd1 Qd4 30. Kc1 Nh5 31. Bd1 Nf4 32. Bc2 Rg1 33. Nf1 Nd3+ 34. Bxd3 Qxd3 0-1

[Event "Parauapebas Paraense-ch"]
[Site "Parauapebas"]
[Date "2015.11.22"]
[Round "6"]
[White "Saraiva Silva, Luiz Guilherme"]
[Black "Leao, Flavio Sanchez"]
[Result "1-0"]
[WhiteElo "1797"]
[BlackElo "1847"]
[PlyCount "59"]
[EventDate "2015.11.20"]
[EventType "swiss"]
[EventRounds "6"]
[EventCountry "BRA"]
[SourceTitle "CBM 169 Extra"]
[Source "ChessBase"]
[SourceDate "2015.12.18"]
[SourceVersion "1"]
[SourceVersionDate "2015.12.18"]
[SourceQuality "1"]

1. d4 Nf6 2. Nf3 g6 3. Bf4 d6 4. h3 Bg7 5. e3 0-0 6. Be2 Nbd7 7. 0-0 Nh5 8. Bh2 e5 9. Nfd2 Nhf6 10. c4 Ne8 11. Nf3 e4 12. Nfd2 f5 13. Nc3 Ndf6 14. Rc1 c6 15. b4 d5 16. Qb3 Kh8 17. cxd5 Nxd5 18. Nxd5 Be6 19. Bc4 Bxd5 20. Bxd5 Qxd5 21. Qxd5 cxd5 22. Rc5 Rd8 23. Ra5 a6 24. b5 axb5 25. Rxb5 Rf7 26. Rfb1 Rdd7 27. Nb3 Nd6 28. Rxd5 Nc4 29. Rxd7 Rxd7 30. Nc5 1-0

[Event "Parauapebas Paraense-ch"]
[Site "Parauapebas"]
[Date "2015.11.21"]
[Round "3"]
[White "Abreu, Nilton Silva"]
[Black "Saraiva Silva, Luiz Guilherme"]
[Result "1-0"]
[WhiteElo "2044"]
[BlackElo "1797"]
[PlyCount "100"]
[EventDate "2015.11.20"]
[EventType "swiss"]
[EventRounds "6"]
[EventCountry "BRA"]
[SourceTitle "CBM 169 Extra"]
[Source "ChessBase"]
[SourceDate "2015.12.18"]
[SourceVersion "1"]
[SourceVersionDate "2015.12.18"]
[SourceQuality "1"]

1. Nf3 Nf6 2. d4 g6 3. c4 c5 4. Nc3 Bg7 5. e4 cxd4 6. Nxd4 d6 7. Be2 0-0 8. Be3 Nbd7 9. 0-0 Nc5 10. Bf3 a5 11. h3 Nfd7 12. Qc2 Ne5 13. Be2 Bd7 14. Rad1 Ne6 15. f4 Nc6 16. Nxc6 bxc6 17. b3 Nc5 18. Bf3 Qc7 19. Rd2 Rfb8 20. Rfd1 Be8 21. e5 Na6 22. exd6 exd6 23. Rxd6 Nb4 24. Qd2 a4 25. Nxa4 Nd5 26. Bxd5 cxd5 27. c5 Bf8 28. Nb6 Bxd6 29. Nxa8 Rxa8 30. cxd6 Qxd6 31. Qxd5 Qxd5 32. Rxd5 Bc6 33. Rd2 Re8 34. Bc5 Re1+ 35. Kf2 Ra1 36. Be3 Kf8 37. g4 Rh1 38. Kg3 Re1 39. Bf2 Rc1 40. Rd3 Bb5 41. Re3 Rc2 42. a4 Bf1 43. b4 Ra2 44. a5 Rb2 45. Ra3 Ba6 46. Bc5+ Ke8 47. Re3+ Kd8 48. Re7 Bc4 49. a6 Bxa6 50. Rxf7 h5 1-0